| 000 | 00464nam a2200169Ia 4500 | ||
|---|---|---|---|
| 005 | 20250519014945.0 | ||
| 008 | 240331s9999 xx 000 0 und d | ||
| 020 | _a9559102338 | ||
| 082 |
_bBHA _a305 |
||
| 100 | _aBhasin, K | ||
| 245 | 0 | _aPenn Entral Enna? Aan Entral Enna | |
| 250 | _a3rd | ||
| 260 |
_aColombo _bSocial Scientists Associataion _c2006 |
||
| 300 | _aiv, 49 p ., | ||
| 500 | _aSinhala and translation of What is Girl ? What is a Boy? | ||
| 942 | _cL | ||
| 999 |
_c4387 _d4387 |
||